| 000 | 00361 a2200169 4500 | ||
|---|---|---|---|
| 001 | 12658 | ||
| 020 | _a9788526285415 | ||
| 040 | _cAnchieta - Aquarius | ||
| 100 | _aElia, Ricardo | ||
| 240 | 1 | 0 |
_aRitmo é tudo _lpor |
| 245 | 1 | 0 | _aRitmo é tudo |
| 300 | _a31 | ||
| 362 | 0 | _a2011 | |
| 440 | 1 | _aScipione | |
| 650 | 4 | _aLiteratura infanto-juvenil | |
| 942 | _cBK | ||
| 999 |
_c12658 _d12658 |
||